000 00735nam a2200217 a 4500
001 25442
003 CO-ViMGA
008 141112s2004 ck r 000 u spa d
015 _ack - 2000 - xxxx
020 _a958045812X
040 _aCO-ViMGA
_bspa
_cCO-ViMGA
082 0 4 _a658.409 L95s
100 1 _aLyles, Dick
_928751
245 1 0 _aEl secreto de los zapatos viejos :
_bcuatro fórmulas para obtener excelentes resultados trabajando bien con los demás /
_cDick Lyles ; traducción Ángela García
260 _aBogotá :
_bNorma,
_c2000
300 _ax, 144 p. ; 21 cm
591 _aA 22672 201649 Dep.leg 2000
650 1 4 _aAdministración de personal
700 1 _aGarcía, Ángela, traductor tr.
_938813
942 _2ddc
_cBK
999 _c33029
_d33029